Tampa Bay Buccaneers Starting Quarterbacks of Super Bowl Era - Statistics

General Stats
  • This quiz has been taken 214 times
    113 since last reset
  • The average score is 16 of 40
Answer Stats
Answer % Correct
Tom Brady
99%
Baker Mayfield
97%
Jameis Winston
96%
Brad Johnson
84%
Josh Johnson
81%
Rob Johnson
81%
Doug Williams
74%
Vinny Testaverde
73%
Ryan Fitzpatrick
67%
Steve Young
66%
Trent Dilfer
66%
Josh Freeman
64%
Josh McCown
59%
Luke McCown
59%
Mike Glennon
56%
Jeff Garcia
53%
Steve DeBerg
49%
Shaun King
46%
Chris Simms
37%
Brian Griese
34%
Steve Spurrier
31%
Bruce Gradkowski
23%
Jack Thompson
17%
Craig Erickson
16%
Gary Huff
16%
Tim Rattay
14%
Byron Leftwich
13%
Chris Chandler
11%
Parnell Dickinson
11%
John Reaves
10%
Joe Ferguson
9%
Jim Zorn
7%
Randy Hedberg
7%
Eric Zeier
6%
Jeff Carlson
6%
Mike Boryla
6%
Jeb Blount
4%
Jerry Golsteyn
4%
Mike Rae
4%
Terry Hanratty
4%
No matching quizzes found
Score Distribution
Percent of People with Each Score
Percentile by Number Answered
Your Score History
You have not taken this quiz since the last reset